Normal view
MARC view
- بكدي، فاطمة، م. مشارك رابح حمدي باشا
Entry Personal Name
001 - CONTROL NUMBER
- control field: 64333
003 - CONTROL NUMBER IDENTIFIER
- control field: JO-AjAnu
005 - DATE AND TIME OF LATEST TRANSACTION
- control field: 20230606084509.0
008 - FIXED-LENGTH DATA ELEMENTS
- fixed length control field: 230606|| aca||aabn | a|a d
040 ## - CATALOGING SOURCE
- Original cataloging agency: JO-AjAnu
- Transcribing agency: JO-AjAnu
100 ## - HEADING--PERSONAL NAME
- Personal name: بكدي، فاطمة، م. مشارك رابح حمدي باشا
670 ## - SOURCE DATA FOUND
- Source citation: Work cat.: (JO-AjAnu)32798: بكدي، فاطمة، م. مشارك رابح حمدي باشا, author, الأمن الغذائي والتنمية المستدامة